• 首页
  • 本馆介绍
  • 公告通知
  • 最新文献
  • 馆藏检索
  • 电子资源
  • 读者导购
  • 参考咨询
  • 我的图书馆
  • 登录
  • 详细信息显示
  • 放入我的书架
  • 预约/预借图书
  • 作者相关作品
  • 分类相关作品
  • 丛书相关作品
  • 出版社相关作品

书目信息

  • 表格格式
  • 工作单格式
  • 卡片格式
题名:
一本书读懂采购
    
 
作者: 肖潇 著
分册:  
出版信息: 天津   天津科学技术出版社  2017
页数: 266页
开本: 24cm
丛书名:
单 册:
中图分类: F713.2
科图分类:
主题词: 采购--基本知识
电子资源:
ISBN: 978-7-5576-2477-4
000 00752nam0 2200229 450
001 012001004969
005 20140128154738.0
010    @a978-7-5576-2477-4@dCNY49.80
100    @a20170802d2017 em y0chiy50 ea
101 0  @achi
102    @aCN@b120000
105    @ay z 000yy
106    @ar
200 1  @a一本书读懂采购@9yi ben shu du dong cai gou@f肖潇著
210    @a天津@c天津科学技术出版社@d2017
215    @a266页@d24cm
330    @a本书共分八章,内容包括:走进采购的世界里,供应商关系管理,制定采购计划和预算,采购合同与订单管理,采购谈判与价格控制,采购品质管理等。
606 0  @a采购@x基本知识
690    @aF713.2@v5
701  0 @a肖潇@9xiao xiao@c(文化产业)@4著
801  0 @aCN@b上海新华@c20180901
905    @b1167403-7@dF713.2@e1099@f5
    
    一本书读懂采购/肖潇著.-天津:天津科学技术出版社,2017
    266页;24cm
    
    
    ISBN 978-7-5576-2477-4:CNY49.80
    本书共分八章,内容包括:走进采购的世界里,供应商关系管理,制定采购计划和预算,采购合同与订单管理,采购谈判与价格控制,采购品质管理等。
●
相关链接 在E读中查询图书 在五车中查询图书 在当当中查询图书 在豆瓣中查询图书


正题名:一本书读懂采购     索取号:F713.2/1099         预约/预借

序号 登录号 条形码 馆藏地/架位号 状态 备注
1 1167403   211674035   第一样本阅览室/ [索取号:F713.2/1099] 在馆    
2 1167404   211674044   第一借阅区/ [索取号:F713.2/1099] 在馆    
3 1167405   211674053   第一借阅区/ [索取号:F713.2/1099] 在馆    
4 1167406   211674062   第一借阅区/ [索取号:F713.2/1099] 在馆    
5 1167407   211674071   密集书库-史法系/ [索取号:F713.2/1099] 在馆    
欢迎您!
大连网信软件有限公司© 版权所有